[Event "Reykjavik Open"]
[Site "Reykjavik ISL"]
[Date "2010.02.25"]
[Round "2"]
[White "Krush,I"]
[Black "Einarsson,H"]
[Result "1/2-1/2"]
[WhiteElo "2455"]
[BlackElo "2260"]

1.d4 f5 2.Bg5 c6 3.e3 Qb6 4.Nd2 Qxb2 5.Bd3 d6 6.Nc4 Qb4+ 7.Kf1 b5 8.a3 Qa4
9.Nb2 Qa5 10.a4 b4 11.Qf3 g6 12.Ne2 Bg7 13.Nc4 Qc7 14.Rd1 Nf6 15.Bxf6 Bxf6
16.h4 e5 17.dxe5 dxe5 18.e4 f4 19.g3 O-O 20.gxf4 exf4 21.Qxf4 Qxf4 22.Nxf4 Be7
23.Ng2 Nd7 24.a5 Rb8 25.Nge3 Bc5 26.h5 b3 27.hxg6 hxg6 28.cxb3 Rxb3 29.Kg2 Bxe3
30.Nxe3 Ne5 31.Bc2 Rb5 32.f4 Nd7 33.Rd6 Rxf4 34.Rxg6+ Kf7 35.Rh7+ Kxg6 36.e5+ Kg5
37.Rg7+ Kh6 38.Rh7+ Kg5 39.Rg7+ Kh6 40.Rh7+  1/2-1/2

[Event "Reykjavik Open"]
[Site "Reykjavik ISL"]
[Date "2010.03.01"]
[Round "7"]
[White "Sachdev,T"]
[Black "Krush,I"]
[Result "0-1"]
[WhiteElo "2398"]
[BlackElo "2455"]

1.d4 d5 2.c4 c6 3.Nf3 Nf6 4.e3 g6 5.b3 Bg7 6.Bb2 O-O 7.Bd3 c5 8.O-O cxd4
9.exd4 Nc6 10.c5 b6 11.Bb5 Bb7 12.Ne5 Qc7 13.cxb6 Qxb6 14.Bxc6 Bxc6 15.Nc3 Rfc8
16.Nxc6 Rxc6 17.Na4 Qc7 18.Nc5 Ne4 19.Nxe4 dxe4 20.Qe2 f5 21.Rac1 Rc8 22.Qe3 Qb6
23.Rxc6 Rxc6 24.Rc1 Qc7 25.Rxc6 Qxc6 26.g3 Qc2 27.Qc3 Qxc3 28.Bxc3 Kf7 29.Kf1 Bf6
30.Ke2 Ke6 31.f4 Kd5 32.Ke3 g5 33.fxg5 Bxg5+ 34.Ke2 h5 35.Bb2 e6 36.h4 Bd8
37.Bc3 Bb6 38.Be1 Bxd4 39.Bd2 Be5 40.Be1 Bd6 41.a4 e5 42.b4 a6 43.Bd2 f4
44.gxf4 exf4 45.Be1 Kc4  0-1

[Event "ch-USA"]
[Site "Saint Louis USA"]
[Date "2010.05.14"]
[Round "1"]
[White "Krush,I"]
[Black "Kaidanov,G"]
[Result "1-0"]
[WhiteElo "2455"]
[BlackElo "2577"]

1.d4 d5 2.c4 e6 3.Nc3 Be7 4.cxd5 exd5 5.Bf4 Nf6 6.e3 Bf5 7.Nge2 O-O 8.Rc1 c6
9.Ng3 Bg6 10.h4 h6 11.h5 Bh7 12.Bd3 Bxd3 13.Qxd3 Bd6 14.Bxd6 Qxd6 15.Nf5 Qe6
16.f3 Nbd7 17.Kf2 Rfe8 18.g4 Nh7 19.Na4 b6 20.Nc3 Ndf6 21.Ne2 Ng5 22.Nf4 Qd7
23.Qa3 a5 24.Rc2 Rad8 25.Rhc1 c5 26.dxc5 bxc5 27.Rxc5 Ne6 28.Nxe6 Qxe6 29.Kg2 d4
30.e4 d3 31.Qc3 d2 32.Rd1 Qb6 33.a4 Qa6 34.Rb5 Qa8 35.Rxa5 Qb8 36.Ra6 Rc8
37.Qd4 Qb3 38.Rxd2 Rc2 39.Rd6 Rxd2+ 40.Qxd2 Qxa4 41.Rxf6  1-0

[Event "ch-USA"]
[Site "Saint Louis USA"]
[Date "2010.05.15"]
[Round "2"]
[White "Ehlvest,J"]
[Black "Krush,I"]
[Result "1/2-1/2"]
[WhiteElo "2591"]
[BlackElo "2455"]

1.c4 e5 2.Nc3 Nf6 3.g3 d5 4.cxd5 Nxd5 5.Bg2 Nb6 6.d3 Be7 7.Nf3 Nc6 8.O-O O-O
9.a3 Be6 10.Ne4 f6 11.b4 Qd7 12.Bb2 Rfd8 13.Rc1 a5 14.Nc5 Bxc5 15.bxc5 Nd5
16.Qc2 Nde7 17.Qb1 Nf5 18.Rfd1 Nfd4 19.Bxd4 exd4 20.Rd2 a4 21.Rb2 Na5 22.Rb4 Nb3
23.Rc2 c6 24.Qb2 Ra5 25.h4 b5 26.Kh2 Ra7 27.Kg1 Rc7 28.Kh2 Bg4 29.Nd2 Be6
30.Nf3 Bg4  1/2-1/2

[Event "ch-USA"]
[Site "Saint Louis USA"]
[Date "2010.05.18"]
[Round "5"]
[White "Krush,I"]
[Black "Hess,Ro"]
[Result "1-0"]
[WhiteElo "2455"]
[BlackElo "2590"]

1.d4 Nf6 2.c4 e6 3.Nc3 Bb4 4.Qc2 O-O 5.e4 d6 6.a3 Bxc3+ 7.bxc3 e5 8.Bd3 Nc6
9.Ne2 b6 10.O-O Ba6 11.f4 Nd7 12.f5 f6 13.Rf3 Na5 14.g4 Qe7 15.Rg3 Bxc4 16.g5 Bxd3
17.Qxd3 fxg5 18.Bxg5 Nf6 19.Kh1 Kh8 20.Rag1 Rae8 21.d5 Nb7 22.Qf3 Qf7 23.Be3 Rg8
24.Rg5 Nc5 25.Bxc5 bxc5 26.Ng3 c6 27.dxc6 d5 28.exd5 e4 29.Qg2 h6 30.Rg6 Qxd5
31.Ne2 Re7 32.c4 Qe5 33.Nf4 Qxf5 34.Nd5 Qe5 35.Nxf6  1-0

[Event "ch-USA"]
[Site "Saint Louis USA"]
[Date "2010.05.19"]
[Round "6"]
[White "Christiansen,L"]
[Black "Krush,I"]
[Result "1-0"]
[WhiteElo "2578"]
[BlackElo "2455"]

1.e4 c5 2.b3 d6 3.Bb2 Nf6 4.Bb5+ Nbd7 5.Qe2 e6 6.f4 a6 7.Bxd7+ Bxd7 8.Nc3 Bc6
9.Nf3 Be7 10.O-O O-O 11.Rae1 b5 12.d3 Qc7 13.e5 Nd5 14.Nxd5 Bxd5 15.c4 Bb7
16.exd6 Bxd6 17.Ne5 f6 18.Ng4 Rae8 19.Qf2 Kh8 20.Re3 Qf7 21.Qe2 Re7 22.Rf2 Ree8
23.Rh3 Qg6 24.Rg3 Qh5 25.h3 Qf7 26.Qd2 Qc7 27.Qe3 Re7 28.h4 h5 29.Ne5 Bxe5
30.fxe5 f5 31.Qg5 Kg8 32.Rf4 Rd7 33.Qxh5 Rfd8 34.Qg6 Rxd3 35.Qxe6+ Qf7 36.Qxf7+ Kxf7
37.e6+ Kxe6 38.Rg6+ Kd7 39.Rxg7+ Kc8 40.Rxf5  1-0

[Event "ch-USA"]
[Site "Saint Louis USA"]
[Date "2010.05.20"]
[Round "7"]
[White "Krush,I"]
[Black "Lenderman,A"]
[Result "1-0"]
[WhiteElo "2455"]
[BlackElo "2598"]

1.d4 Nf6 2.c4 g6 3.Nc3 d5 4.cxd5 Nxd5 5.Bd2 Bg7 6.e4 Nb6 7.Be3 O-O 8.Bb5 Bd7
9.Bxd7 Qxd7 10.Nf3 Nc4 11.Qe2 Nxe3 12.Qxe3 Nc6 13.Rd1 e6 14.O-O Rfd8 15.e5 Nb4
16.Ng5 h6 17.Nf3 Nd5 18.Qc1 Nxc3 19.Qxc3 Qd5 20.a3 Bf8 21.Rc1 c6 22.Rc2 a5
23.Rfc1 Rd7 24.Qc4 Qxc4 25.Rxc4 Rd5 26.Kf1 Ra6 27.Ne1 Rb6 28.Nd3 Rb3 29.Ke2 Be7
30.R1c2 h5 31.f4 Rd7 32.Nc1 Rb5 33.Ke3 f5 34.a4 Rb6 35.Nd3 Kf7 36.g3 Rd8
37.h4 Ra6 38.R4c3 Rd5 39.Rb3 b5 40.axb5 cxb5 41.Rbc3 Ra7 42.Rc7 Rd7 43.Rxa7 Rxa7
44.Rc6 Rd7 45.Rb6 Rd5 46.Nc1 b4 47.Nd3 Bf8 48.b3 Be7 49.Nb2 Rc5 50.Nc4 Rc7
51.Ra6 Bd8 52.Kd3 Ke7 53.Ra8 Rc6 54.Kd2 Kd7 55.Ra7+ Bc7 56.Kd3 Ke8 57.Rb7 Bd8
58.Nd6+ Kf8 59.Nc4 Ke8 60.Rg7 Ra6 61.Nd6+ Kf8 62.Rf7+ Kg8 63.Rd7 Ra8 64.Nb7 Bb6
65.Rd6 Bc7 66.Rc6 a4 67.bxa4 Ba5 68.Rxe6 b3 69.Nxa5 Rb8 70.Nxb3 Rxb3+ 71.Kc4  1-0

[Event "ch-USA"]
[Site "Saint Louis USA"]
[Date "2010.05.22"]
[Round "8"]
[White "Shabalov,A"]
[Black "Krush,I"]
[Result "1-0"]
[WhiteElo "2585"]
[BlackElo "2455"]

1.d4 d5 2.c4 c6 3.Nc3 dxc4 4.e3 b5 5.a4 b4 6.Ne4 Qd5 7.Ng3 Nf6 8.Be2 Ba6
9.e4 Qa5 10.Nf3 e6 11.O-O Nbd7 12.Bg5 h6 13.Bxf6 Nxf6 14.Rc1 c3 15.bxc3 Bxe2
16.Qxe2 Qxa4 17.e5 Nd7 18.Ra1 Qb5 19.c4 Qb7 20.c5 a5 21.Ne4 Be7 22.Ra4 O-O
23.Rfa1 b3 24.Nfd2 Rfb8 25.Nc4 f5 26.Nc3 Nxc5 27.dxc5 Bxc5 28.Rb1 Qc7 29.Nd2 b2
30.Rc4 Ba3 31.Qe3 Be7 32.Na4 Rb5 33.Nf3 Rab8 34.Qc3 Rb3 35.Qc2 Qd7 36.Nd4 R3b4
37.Nxc6 Rxc4 38.Qxc4 Rb7 39.Nxe7+ Qxe7 40.Rxb2 Rc7 41.Qf4 Qh4 42.g3 Qxf4
43.gxf4 Rc4 44.Rb8+ Kf7 45.Nb2 Rxf4 46.Rb7+ Kg6 47.Re7 Re4 48.Nd3 f4 49.Rxe6+ Kf5
50.Rd6 f3 51.h3 h5 52.Rd7 Kg6 53.Kf1 a4 54.Ra7 Kg5 55.Rxg7+ Kh4 56.Ne1  1-0

[Event "ch-USA"]
[Site "Saint Louis USA"]
[Date "2010.05.23"]
[Round "9"]
[White "Krush,I"]
[Black "Kraai,J"]
[Result "1/2-1/2"]
[WhiteElo "2455"]
[BlackElo "2492"]

1.c4 b6 2.d4 Bb7 3.a3 Nf6 4.d5 e6 5.Nc3 Bd6 6.Nf3 O-O 7.g3 c6 8.Bg2 cxd5
9.cxd5 Nxd5 10.Nxd5 exd5 11.b4 Qf6 12.Ra2 Nc6 13.O-O a5 14.b5 Ne7 15.Bb2 Qh6
16.a4 Rac8 17.Bd4 Rc4 18.Ne5 Bxe5 19.Bxe5 Rfc8 20.Qd3 Rc1 21.Bf4 Rxf1+ 22.Bxf1 Qe6
23.Rc2 Rc4 24.e3 Ng6 25.Qd1 Nxf4 26.exf4 Rxc2 27.Qxc2 Qd6 28.Bg2 Qc5 29.Qd1 Kf8
30.h4 d6 31.Qd3 Kg8 32.Qe2 Kf8 33.Qd3 Kg8 34.Qf5 Qc1+ 35.Kh2 Qc8 36.Qg5 Qe8
37.f5 h6 38.Qc1 Qc8 39.Qf4 Qd8 40.Qd4 Kf8 41.Kg1 f6 42.Bxd5 Bxd5 43.Qxd5 Qc7
44.Qa8+ Kf7 45.Qd5+  1/2-1/2

[Event "Copper State Int A"]
[Site "Mesa USA"]
[Date "2010.06.04"]
[Round "1"]
[White "Gareev,T"]
[Black "Krush,I"]
[Result "1-0"]
[WhiteElo "2599"]
[BlackElo "2455"]

1.e4 c5 2.Nf3 e6 3.b3 d6 4.Bb5+ Nd7 5.Bb2 a6 6.Bxd7+ Bxd7 7.O-O Nf6 8.e5 Ng4
9.exd6 Bxd6 10.h3 Nf6 11.Ne5 O-O 12.f4 Nd5 13.Nc3 f6 14.Ne4 Be7 15.Nd3 b6
16.c4 Nc7 17.Qe2 Bc6 18.Ne1 Qc8 19.d3 Qb7 20.Rf3 Ne8 21.Rg3 Rf7 22.Nc2 Nd6
23.Nxd6 Bxd6 24.Qxe6 Bxf4 25.Rxg7+ Kxg7 26.Qg4+ Kf8 27.Qxf4 Bxg2 28.Ne3 Bxh3
29.Qh6+ Rg7+ 30.Kf2 Bg2 31.Bxf6 Qf3+ 32.Ke1 Ra7 33.Kd2 Qf2+ 34.Kc3 b5 35.Nc2 Bf1
36.Bxg7+ Rxg7 37.Re1 b4+ 38.Kb2 Be2 39.Rh1 Kg8 40.Rh2  1-0

[Event "Copper State Int A"]
[Site "Mesa USA"]
[Date "2010.06.08"]
[Round "7"]
[White "Krush,I"]
[Black "Molner,M"]
[Result "1/2-1/2"]
[WhiteElo "2455"]
[BlackElo "2439"]

1.d4 Nf6 2.c4 e6 3.Nc3 Bb4 4.Qc2 d5 5.cxd5 exd5 6.Bg5 c5 7.dxc5 h6 8.Bh4 g5
9.Bg3 Ne4 10.e3 Qa5 11.Ne2 Bf5 12.Bxb8 Rxb8 13.Nd4 Bh7 14.Bb5+ Kf8 15.Bd3 Nxc3
16.O-O Bxd3 17.Qxd3 Ne4 18.a3 Bxc5 19.b4 Qa6 20.Qxa6 bxa6 21.bxc5 Nxc5 22.Rac1 Ne6
23.Nxe6+ fxe6 24.Rc7 Kg8 25.Rxa7 Rh7 26.Rxa6 Re7 27.g4 Rb2 28.Kg2 Kg7 29.Kg3 e5
30.h4 gxh4+ 31.Kxh4 Rf7 32.Rd6 d4 33.exd4 exd4 34.f4 Rh2+ 35.Kg3 Ra2 36.f5 Rxa3+
37.Kf4 Rf6 38.Rxd4 Rfa6 39.Rfd1 R6a4 40.Rxa4 Rxa4+ 41.Ke5 Ra7 42.Rd6 Re7+
43.Re6 Ra7 44.Rg6+ Kh7 45.Rd6 Kg7 46.Ke6 Rf7 47.Rd8 Rf6+ 48.Ke5 Rf7 49.Rd6 Re7+
50.Re6 Ra7 51.Rg6+ Kh7 52.g5 hxg5 53.Kf6 Ra6+ 54.Kxg5 Rxg6+ 55.fxg6+ Kg7
56.Kf5 Kg8 57.Kf6 Kf8 58.g7+ Kg8 59.Kg6  1/2-1/2

[Event "Copper State Int A"]
[Site "Mesa USA"]
[Date "2010.06.08"]
[Round "8"]
[White "Bartholomew,J"]
[Black "Krush,I"]
[Result "1/2-1/2"]
[WhiteElo "2451"]
[BlackElo "2455"]

1.d4 Nf6 2.c4 e6 3.Nc3 Bb4 4.e3 O-O 5.Bd3 d5 6.Nf3 c5 7.O-O Nc6 8.a3 Bxc3
9.bxc3 Qc7 10.Bb2 dxc4 11.Bxc4 e5 12.h3 Bf5 13.Qe2 a6 14.a4 Rfe8 15.Rfd1 Bg6
16.Qf1 Rad8 17.Nxe5 Nxe5 18.dxe5 Qxe5 19.Rxd8 Rxd8 20.Rd1 Re8 21.Bd3  1/2-1/2

[Event "Copper State Int A"]
[Site "Mesa USA"]
[Date "2010.06.09"]
[Round "9"]
[White "Krush,I"]
[Black "Lenderman,A"]
[Result "1-0"]
[WhiteElo "2455"]
[BlackElo "2598"]

1.d4 d5 2.c4 c6 3.Nf3 Nf6 4.Nc3 dxc4 5.a4 e6 6.e4 Bb4 7.e5 Ne4 8.Qc2 Qa5
9.Qxe4 Bxc3+ 10.Kd1 Bb4 11.Bxc4 h6 12.h4 b6 13.Nd2 Bf8 14.Nb3 Qb4 15.Qd3 a5
16.Bd2 Qe7 17.Rc1 Qd7 18.h5 Na6 19.Rh3 Nc7 20.Qe4 Nd5 21.Rg3 Bb7 22.Ke1 O-O-O
23.Kf1 Kb8 24.Qe1 Nb4 25.Kg1 Re8 26.Qe2 Qe7 27.Na1 Qd7 28.Nc2 Nxc2 29.Rxc2 Qxd4
30.Rd3 Qc5 31.Rb3 b5 32.axb5 a4 33.Rbc3 Qb6 34.bxc6 Qxc6 35.f3 Bb4 36.Bb5 Qd5
37.Bxe8 Bxc3 38.Bxc3 Rxe8 39.Kh2 Rc8 40.Rd2 Qc4 41.Qe3 Qb3 42.Rd4 Rc4 43.Rd8+ Bc8
44.Qd2 a3 45.Bd4 a2 46.Qa5 Ra4 47.Qc5 Qb7 48.Rxc8+ Qxc8 49.Qb5+ Qb7 50.Qxa4 Qd5
51.b3 f6  1-0

[Event "National Open"]
[Site "Las Vegas USA"]
[Date "2010.06.11"]
[Round "1"]
[White "Krush,I"]
[Black "Troff,Kayden"]
[Result "1-0"]
[WhiteElo "2455"]
[BlackElo "2201"]

1.d4 Nf6 2.c4 g6 3.Nc3 d5 4.Bg5 Ne4 5.Bh4 Nxc3 6.bxc3 c5 7.cxd5 Qxd5 8.e3 cxd4
9.Qxd4 Qxd4 10.cxd4 e6 11.Rb1 Be7 12.Bg3 Nc6 13.Nf3 a6 14.Be2 Bb4+ 15.Nd2 O-O
16.Bf3 Bd7 17.Ke2 Bxd2 18.Rxb7 Ba5 19.Rxd7 Rac8 20.Rb1 e5 21.Bxc6 Rxc6 22.Bxe5 Rc2+
23.Kf3 Rxa2 24.d5 h5 25.Ra7 Bd2 26.d6 Ra5 27.Bd4 Rd5 28.Rxa6 Rd8 29.Rb7 Ba5
30.Raa7 Rf5+ 31.Ke2 Rxd6 32.Rxa5  1-0

[Event "National Open"]
[Site "Las Vegas USA"]
[Date "2010.06.12"]
[Round "3"]
[White "Krush,I"]
[Black "Rubsamen,C"]
[Result "1-0"]
[WhiteElo "2455"]
[BlackElo "2227"]

1.d4 Nf6 2.c4 g6 3.Nc3 Bg7 4.e4 d6 5.Nf3 O-O 6.Be2 e5 7.O-O Na6 8.Be3 Ng4
9.Bg5 Qe8 10.dxe5 dxe5 11.h3 h6 12.Bd2 Nf6 13.Be3 Qe7 14.Nd5 Qd8 15.Qc2 c6
16.Nxf6+ Qxf6 17.c5 Nc7 18.Rad1 Be6 19.Nd2 Rfd8 20.a4 Rd7 21.b4 a6 22.Nc4 Rxd1
23.Rxd1 Bxc4 24.Bxc4 Rd8 25.Qb3 Rxd1+ 26.Qxd1 Qe7 27.Qd2 g5 28.Qd1 Ne8 29.Qg4 Nf6
30.Qc8+ Bf8 31.Qf5 Bg7 32.g3 Nd7 33.Kg2 Nf8 34.Qc8 Qd7 35.Qb8 Bf6 36.b5 axb5
37.axb5 Kg7 38.b6 Ne6 39.Be2 Qe7 40.Bh5 Nd8 41.Bg4 Kg6 42.Bc8 Kg7 43.Qc7 Kg6
44.Kf3 h5 45.Ke2 Kg7 46.Kd2 Kg6 47.Kc3 Kg7 48.Kc4 Kf8 49.Bd2 Ke8 50.Bc3 Kf8
51.f3 Ke8 52.Bxb7 Nxb7 53.Qxc6+ Kf8 54.Qd5 Nd8 55.c6 Ne6 56.Bb4  1-0

[Event "ch-USA w"]
[Site "St Louis USA"]
[Date "2010.07.17"]
[Round "7"]
[White "Krush,I"]
[Black "Melekhina,A"]
[Result "1-0"]
[WhiteElo "2476"]
[BlackElo "2265"]

1.d4 Nf6 2.c4 g6 3.Nc3 Bg7 4.e4 d6 5.Nf3 O-O 6.Be2 e5 7.O-O Nc6 8.d5 Ne7
9.Ne1 Nd7 10.Be3 f5 11.f3 f4 12.Bf2 g5 13.Rc1 Ng6 14.Nb5 Nf6 15.c5 g4 16.cxd6 cxd6
17.Nc7 g3 18.Nxa8 Nh5 19.Kh1 Qh4 20.Bg1 gxh2 21.Bf2 Ng3+ 22.Bxg3 fxg3 23.Nc7 Nf4
24.Ne6 Re8 25.Rc7 Bf8 26.Nxf4 exf4 27.Qc2 Bh3 28.gxh3 Qxh3 29.Ng2 Qh6 30.Rxb7 a5
31.Rc1 Re5 32.Qc8 Qf6 33.Qg4+ Rg5 34.Qe6+  1-0

[Event "WCh w Blitz Semi-Final"]
[Site "Moscow RUS"]
[Date "2010.09.15"]
[Round "5"]
[White "Gaponenko,I"]
[Black "Krush,I"]
[Result "1/2-1/2"]
[WhiteElo "2469"]
[BlackElo "2490"]

1.d4 d5 2.c4 e6 3.Nc3 a6 4.cxd5 exd5 5.Bf4 Nf6 6.e3 Be7 7.Bd3 O-O 8.Qc2 c5
9.dxc5 Nbd7 10.Nf3 Nxc5 11.Be2 Nce4 12.O-O Bf5 13.Nd4 Bg6 14.Nxe4 Bxe4 15.Qb3 Qd7
16.Rac1 Rac8 17.h3 h6 18.Be5 Rxc1 19.Rxc1 Rc8 20.Rxc8+ Qxc8 21.f3 Bb1 22.Kf2 Qd7
23.Qd1 Bg6 24.Qc1 Ne8 25.g4 Nd6 26.Qc3 Bf8 27.Qb3 Nc8 28.Bd3 Ne7  1/2-1/2

[Event "WCh w Blitz Semi-Final"]
[Site "Moscow RUS"]
[Date "2010.09.15"]
[Round "9"]
[White "Nebolsina,V"]
[Black "Krush,I"]
[Result "0-1"]
[WhiteElo "2360"]
[BlackElo "2490"]

1.d4 c6 2.c4 b5 3.e3 bxc4 4.Bxc4 Ba6 5.b3 Nf6 6.Nf3 e6 7.O-O d5 8.Bxa6 Nxa6
9.Ba3 Bxa3 10.Nxa3 Qa5 11.Nc2 c5 12.dxc5 Qxc5 13.Qe2 Qb6 14.Ne5 O-O 15.Rfc1 Rfc8
16.Nd4 Ne4 17.Nec6 Rc7 18.Qb5 Nac5 19.Qxb6 axb6 20.f3 Nd6 21.b4 Na4 22.Kf2 Rac8
23.b5 Kf8 24.Rc2 e5 25.Nxe5 Rxc2+ 26.Nxc2 Rxc2+ 27.Kg3 Nxb5 28.Rb1 Nac3 29.Rb4 Ke7
30.Nc6+ Kd6 31.Nd4 Nxd4 32.exd4 b5 33.a3 Ra2 34.Rb3 Ne2+ 35.Kh3 Nxd4 36.Rd3 Kc5
37.Rc3+ Kd6 38.Rd3 Ne6 39.Kg4 d4  0-1

[Event "WCh w Blitz Semi-Final"]
[Site "Moscow RUS"]
[Date "2010.09.15"]
[Round "10"]
[White "Krush,I"]
[Black "Nebolsina,V"]
[Result "0-1"]
[WhiteElo "2490"]
[BlackElo "2360"]

1.d4 Nf6 2.Nf3 g6 3.c4 Bg7 4.Nc3 d5 5.Bg5 Ne4 6.Bh4 Nxc3 7.bxc3 dxc4 8.e3 Be6
9.Be2 O-O 10.Qb1 c5 11.Qxb7 Nd7 12.O-O Re8 13.Rfd1 Qb6 14.Qe4 Bf5 15.Qf4 e5
16.dxe5 Nxe5 17.Bxc4 Nxf3+ 18.Qxf3 Bxc3 19.Rac1 Bb2 20.h3 Bxc1 21.Rxc1 Rac8
22.g4 Be6 23.Bf6 Bxc4 24.Rxc4 Qe6 25.Rc2 Qe4 26.Qe2 c4 27.Qd2 Qd3 28.Qc1 Re6
29.Rc3 Qe4 30.Bd4 Rec6 31.Qd1 Rb8 32.Rc1 a5 33.Kh2 Rbc8 34.Rc3 h6 35.f3 Qe6
36.Qa4 Qd6+ 37.Kg2 Qb4 38.Qc2 a4 39.Qe4 Qd6 40.h4 Qe6 41.Qf4 Kh7 42.h5 gxh5
43.gxh5 Rg8+ 44.Kf2 Rg5 45.e4 Rxh5 46.Ke3 Rg5 47.Rc1 c3 48.Rxc3 Rxc3+ 49.Bxc3 Qb6+
50.Kd3 Qb5+ 51.Ke3 Qc5+ 52.Bd4 Qc1+  0-1

[Event "WCh w Blitz Semi-Final"]
[Site "Moscow RUS"]
[Date "2010.09.15"]
[Round "12"]
[White "Muzychuk,M"]
[Black "Krush,I"]
[Result "0-1"]
[WhiteElo "2464"]
[BlackElo "2490"]

1.e4 c5 2.Nf3 e6 3.c4 Nc6 4.d4 cxd4 5.Nxd4 Bb4+ 6.Nc3 Nf6 7.Nxc6 bxc6 8.Bd3 e5
9.O-O Bd6 10.Bc2 Bc5 11.Kh1 O-O 12.f4 d6 13.f5 d5 14.cxd5 cxd5 15.Bg5 d4
16.Nd5 Be7 17.Bxf6 Bxf6 18.Bd3 Bb7 19.Bc4 Rc8 20.b3 Qd6 21.Rc1 Kh8 22.Qd3 Rc5
23.a3 Rcc8 24.b4 h6 25.Bb3 Bg5 26.Rxc8 Rxc8 27.f6 gxf6 28.h4 Bxh4 29.Qh3 Bg5
30.Rxf6 Rc1+ 31.Kh2 Qf8 32.Qf5 Bxd5 33.Bxd5 Bxf6 34.Qxf6+ Qg7 35.Qd8+ Kh7
36.Qd7 Rc2 37.Qf5+ Kh8 38.Qf3 Qg5 39.Qh3 Qf4+ 40.Kh1 Rc1+  0-1

[Event "WCh w Blitz Semi-Final"]
[Site "Moscow RUS"]
[Date "2010.09.15"]
[Round "14"]
[White "Krush,I"]
[Black "Zhukova,N"]
[Result "1-0"]
[WhiteElo "2490"]
[BlackElo "2499"]

1.d4 d5 2.c4 c6 3.Nf3 Nf6 4.Nc3 e6 5.Bg5 Nbd7 6.cxd5 exd5 7.e3 Be7 8.Bd3 Nh5
9.Bxe7 Qxe7 10.O-O O-O 11.Qc2 g6 12.Rab1 Re8 13.b4 a6 14.a4 Ng7 15.b5 axb5
16.axb5 Nf6 17.bxc6 bxc6 18.Na4 Qd6 19.Ne5 Bd7 20.Nb6 Rab8 21.Nbxd7 Nxd7
22.Qxc6 Qxc6 23.Nxc6 Rxb1 24.Rxb1 Ne6 25.Bb5 Nf6 26.f3 Kg7 27.Kf2 Ra8 28.Rb2 Nc7
29.Be2 Nce8 30.g4 h6 31.h4 g5 32.h5 Nd6 33.Ne5 Ra3 34.Rb6 Nfe8 35.Rb8 Nc7
36.Rd8 Nce8 37.Rd7 Kf6 38.Bd3 Ke6 39.Bf5+ Kf6 40.Nd3  1-0

[Event "WCh w Blitz Semi-Final"]
[Site "Moscow RUS"]
[Date "2010.09.15"]
[Round "15"]
[White "Krush,I"]
[Black "Gvetadze,Sopi"]
[Result "1-0"]
[WhiteElo "2490"]
[BlackElo "2352"]

1.d4 d5 2.c4 c6 3.Nf3 Nf6 4.Nc3 a6 5.a4 e6 6.Bg5 Be7 7.e3 O-O 8.a5 Nbd7 9.Bd3 h6
10.Bh4 dxc4 11.Bxc4 c5 12.dxc5 Bxc5 13.O-O Nb8 14.Qxd8 Rxd8 15.Na4 Ba7 16.Ne5 g5
17.Bg3 Ne4 18.Rfd1 Re8 19.Rac1 Nxg3 20.hxg3 f6 21.Nd3 Nd7 22.Bb3 Nf8 23.Rc7 Bb8
24.Rcc1 Ba7 25.Ndc5 Kg7 26.Nb6 Bxb6 27.axb6 e5 28.Ba4 Re7 29.Rd8 Kf7 30.Ne4 Bf5
31.Nd6+ Kg6 32.Rxa8  1-0

[Event "WCh w Blitz Semi-Final"]
[Site "Moscow RUS"]
[Date "2010.09.15"]
[Round "16"]
[White "Gvetadze,Sopi"]
[Black "Krush,I"]
[Result "0-1"]
[WhiteElo "2352"]
[BlackElo "2490"]

1.e4 c5 2.Nf3 e6 3.c4 Nc6 4.Nc3 e5 5.Be2 d6 6.d3 f5 7.Bg5 Be7 8.h4 Nf6 9.Qd2 O-O
10.O-O-O a6 11.Bxf6 Bxf6 12.Nd5 b5 13.exf5 Bxf5 14.Rdg1 e4 15.Nxf6+ Qxf6
16.Ng5 exd3 17.Bxd3 Nd4 18.g4 Bxd3 19.Qxd3 g6 20.Kb1 Rae8 21.Re1 Rxe1+ 22.Rxe1 Qxf2
23.Qe4 bxc4 24.Rc1 Rb8 25.Qd5+ Kh8 26.Nf7+ Kg7 27.b3  0-1

[Event "WCh w Blitz Semi-Final"]
[Site "Moscow RUS"]
[Date "2010.09.16"]
[Round "18"]
[White "Krush,I"]
[Black "Skripchenko,A"]
[Result "1-0"]
[WhiteElo "2490"]
[BlackElo "2464"]

1.d4 d6 2.e4 Nf6 3.Nc3 g6 4.f4 Bg7 5.Nf3 O-O 6.e5 Ne8 7.Bc4 c6 8.O-O b5 9.Bd3 a6
10.Ng5 c5 11.dxc5 dxc5 12.Be4 Qd4+ 13.Qxd4 cxd4 14.Bxa8 dxc3 15.bxc3 Nc7
16.Be4 h6 17.Nf3 Be6 18.Ba3 Re8 19.Bb4 Bf8 20.a4 Bc4 21.Rfd1 Ne6 22.g3 Rc8
23.axb5 Bxb5 24.Nd4 Nxd4 25.cxd4 e6 26.Bxf8 Kxf8 27.Bd3 Bc6 28.Ra5 Nd7 29.Rxa6 Bf3
30.Rb1 Kg7 31.Ra7 Nf8 32.Kf2 Bd5 33.Ke3 h5 34.c4 Bc6 35.Be4  1-0

[Event "WCh w Blitz Semi-Final"]
[Site "Moscow RUS"]
[Date "2010.09.16"]
[Round "19"]
[White "Krush,I"]
[Black "Ambartsumova,K"]
[Result "1-0"]
[WhiteElo "2490"]
[BlackElo "2302"]

1.d4 d5 2.c4 e6 3.Nc3 Nf6 4.cxd5 exd5 5.Bg5 Be7 6.e3 Bf5 7.Qb3 Nc6 8.Bxf6 Bxf6
9.Qxd5 Qc8 10.Bb5 O-O 11.Bxc6 bxc6 12.Qxc6 Rb8 13.b3 Rb6 14.Qc5 Qd7 15.Nge2 Be7
16.Qd5 Rd6 17.Qa5 Rg6 18.O-O Bd6 19.Ng3 Bxg3 20.fxg3  1-0

[Event "WCh w Blitz Semi-Final"]
[Site "Moscow RUS"]
[Date "2010.09.16"]
[Round "21"]
[White "Charochkina,D"]
[Black "Krush,I"]
[Result "1/2-1/2"]
[WhiteElo "2303"]
[BlackElo "2490"]

1.d4 c6 2.c4 b5 3.cxb5 cxb5 4.e4 Bb7 5.Bd3 Nf6 6.Qe2 e6 7.Nf3 a6 8.O-O Be7
9.a4 b4 10.Nbd2 O-O 11.e5 Nd5 12.Ne4 f5 13.exf6 Nxf6 14.Bd2 Bd5 15.Ne5 Nc6
16.Nxf6+ Bxf6 17.Nxc6 Bxc6 18.Bxb4 Rf7 19.Rfd1 Bxd4 20.Bxh7+ Kxh7 21.Qh5+ Kg8
22.Rxd4 Rf5 23.Qh3 Qf6 24.Rg4 Rxf2 25.Bc3 e5 26.Qe3 Rf8 27.h3 d6 28.Re1 Qf7
29.Rg5 Rf5 30.Rg4 Qd5 31.Kh2 Rf4 32.Rg3 Bxa4 33.Qe2 Bd7 34.Qxa6 Rf2 35.Qb6 Bc6
36.Rg1 Qe4 37.Qc7 R8f7 38.Qd8+ Kh7 39.Rg4 R7f4 40.Qh4+ Kg8 41.Qd8+ Kh7 42.Qh4+ Kg8
43.Qd8+ Kh7  1/2-1/2

[Event "WCh w Blitz Semi-Final"]
[Site "Moscow RUS"]
[Date "2010.09.16"]
[Round "23"]
[White "Krush,I"]
[Black "Cori T.,D"]
[Result "0-1"]
[WhiteElo "2490"]
[BlackElo "2368"]

1.d4 Nf6 2.c4 e6 3.Nc3 d5 4.cxd5 exd5 5.Bg5 c6 6.e3 Be7 7.Bd3 O-O 8.Qc2 h6
9.Bh4 Re8 10.Nf3 Ne4 11.Bxe7 Qxe7 12.Bxe4 dxe4 13.Nd2 Bf5 14.O-O Nd7 15.Rfc1 Qh4
16.b4 Re6 17.Nf1 Bh7 18.b5 Nf6 19.bxc6 Rxc6 20.Qb2 Rb6 21.Qd2 Ng4 22.Nd5 Rd6
23.Nc7 Rf8 24.h3 Ne5 25.Nb5 Rd7 26.Ng3 Nd3 27.Rc2 f5 28.Nc7 Qe7 29.Nb5 f4
30.exf4 Nxf4 31.Re1 Nd3 32.Re3 Rxf2 33.Qd1 Qg5 34.Rxf2 Qxe3 35.Qe2 Qxf2+
36.Qxf2 Nxf2 37.Kxf2 a6 38.Nc3 Rxd4  0-1

[Event "WCh w Blitz Semi-Final"]
[Site "Moscow RUS"]
[Date "2010.09.16"]
[Round "26"]
[White "Krush,I"]
[Black "Romanko,M"]
[Result "1-0"]
[WhiteElo "2490"]
[BlackElo "2411"]

1.d4 Nf6 2.c4 g6 3.Nc3 Bg7 4.e4 O-O 5.Nf3 d6 6.Be2 e5 7.O-O Nc6 8.d5 Ne7
9.Ne1 Nd7 10.Be3 f5 11.f3 f4 12.Bf2 g5 13.Rc1 Ng6 14.Nb5 Nf6 15.c5 Ne8 16.cxd6 cxd6
17.Nxa7 Bd7 18.a4 h5 19.Qb3 g4 20.Qxb7 Rb8 21.Nc6 Rxb7 22.Nxd8 Rxb2 23.Bb5 Bxb5
24.axb5 Rxb5 25.Ne6 Rf7 26.Rc8 Re7 27.Nc2 Kf7 28.Na3 Rb2 29.Nc4 Ra2 30.Rd8 Ra6
31.Rb1 Bf6 32.Rdb8 Rea7 33.Bxa7 Rxa7 34.R8b7+ Rxb7 35.Rxb7+ Be7 36.Nd8+ Kf6
37.Nc6  1-0

[Event "WCh w Blitz Final"]
[Site "Moscow RUS"]
[Date "2010.09.17"]
[Round "3"]
[White "Krush,I"]
[Black "Muzychuk,M"]
[Result "1-0"]
[WhiteElo "2490"]
[BlackElo "2464"]

1.d4 Nf6 2.c4 e6 3.Nc3 Bb4 4.Qc2 O-O 5.e4 d5 6.e5 Ne4 7.Bd3 c5 8.Ne2 Nc6
9.O-O cxd4 10.cxd5 exd5 11.Nxd5 Qxd5 12.Bxe4 Qxe5 13.Bxh7+ Kh8 14.Bd3 Be6
15.Bf4 Qf6 16.a3 Be7 17.Qd2 Rfd8 18.Ng3 g6 19.Ne4 Qh4 20.Ng5 Bd5 21.Rfe1 Re8
22.g3 Qg4 23.Be4 Bxg5 24.Bxd5 Bxf4 25.Qxf4 Qxf4 26.gxf4 Kg7 27.Bxc6 bxc6
28.b4 Rad8 29.Kg2 Kf6 30.Kf3 Kf5 31.Rad1 Rxe1 32.Rxe1 f6 33.Rc1 Rd6 34.Rc5+ Ke6
35.Ke2 Rd5 36.Rxc6+ Kf5 37.Kd3 a5 38.Rc5 Rxc5 39.bxc5 Ke6 40.Kxd4  1-0

[Event "WCh w Blitz Final"]
[Site "Moscow RUS"]
[Date "2010.09.17"]
[Round "7"]
[White "Krush,I"]
[Black "Kosintseva,T"]
[Result "0-1"]
[WhiteElo "2490"]
[BlackElo "2573"]

1.d4 Nf6 2.c4 e6 3.Nc3 Bb4 4.Qc2 O-O 5.e4 d5 6.e5 Ne4 7.Bd3 c5 8.Ne2 cxd4
9.Nxd4 Nd7 10.Bf4 Ndc5 11.O-O Nxd3 12.Qxd3 Bxc3 13.bxc3 b6 14.cxd5 Qxd5 15.Rfd1 Nc5
16.Qg3 Qe4 17.f3 Qg6 18.Nb5 Ba6 19.Nd6 Nd3 20.Bg5 f6 21.exf6 gxf6 22.Be3 Qxg3
23.hxg3 Rfd8 24.Ne4 Kf7 25.g4 Rd5 26.Bd4 e5 27.Be3 Rad8 28.Rd2 Bc4 29.Rad1 Ke6
30.a3 Ra5 31.Ra1 Rdd5 32.Nf2 Nxf2 33.Kxf2 Rxd2+ 34.Bxd2 Rd5 35.Be3 Rd3 36.Rc1 Kd5
37.Rh1 Rxc3 38.Rxh7 Rxa3 39.g5 fxg5 40.Bxg5 Ra2+ 41.Kg3 Bf1 42.Rh2 b5 43.Bf6 b4
44.Rh5 Rxg2+ 45.Kh4 Rh2+ 46.Kg5 Rxh5+ 47.Kxh5 b3  0-1

[Event "WCh w Blitz Final"]
[Site "Moscow RUS"]
[Date "2010.09.18"]
[Round "23"]
[White "Krush,I"]
[Black "Koneru,H"]
[Result "0-1"]
[WhiteElo "2490"]
[BlackElo "2593"]

1.d4 Nf6 2.c4 e6 3.Nc3 Bb4 4.Qc2 O-O 5.e4 d5 6.e5 Ne4 7.Bd3 c5 8.Ne2 cxd4
9.Nxd4 Nd7 10.Bf4 Qh4 11.g3 Qh3 12.O-O-O Bxc3 13.bxc3 Nb6 14.Nf3 Qh5 15.Be2 f6
16.Ng5 Qg6 17.Nxe4 dxe4 18.exf6 Qxf6 19.Qxe4 Qxc3+ 20.Qc2 Qa1+ 21.Qb1 Qf6
22.Qb2 Qf7 23.Qe5 Bd7 24.Rd4 Rac8 25.Rhd1 Ba4 26.R1d2 Nd5 27.Bg4 Rc6 28.Kb2 Nf6
29.Bf3 Rb6+ 30.Ka1 Qe7 31.c5 Ra6 32.Qd6 Rxd6 33.Bxd6 Qf7 34.Bxf8 Qxf8 35.Rd8 Be8
36.c6 bxc6 37.Bxc6 Qc5  0-1